000 00428nam a22001817a 4500
003 MPLRDC
005 20220104124201.0
008 210129b ||||| |||| 00| 0 eng d
082 _a880 BSTNK
100 _a巴斯特纳克
245 _a齐瓦哥医生
_c
250 _a初版
260 _a
_b文国书局
_c1988
300 _b
490 _a世界文学名著. 53
650 _a俄国文学
942 _cBK
_o880 BSTNK
999 _c17300
_d17290